000 00591cam a22001457a 4500
999 _c508422
_d508422
008 180718b-- xxu||||| |||| 00| 0 eng d
082 _aK1065x54 1979-80-1982-83
100 _aIndia. Ministry of Labour and Employment and Training. Directorate General of Employment and Training
_93741
245 _aCensus of central government employees, 1979-1983
260 _aNew Delhi
_bGovernment of India
_c1980
300 _av.p.
500 _aLibrary has 1962, 1979/80-1982-83, 1988/89-1990/91, 1994/95, 2000/01, 2003/04, 2005/06, 2008/09
650 _aEmployees census - India
_93742
942 _2ddc